Financial Literacy and Shopping Behaviour

Poukázanie na súčasný stav finančnej gramotnosti slovenskej populácie v súvislosti s nákupným správaním. Opis prieskumu, výsledky a odporúčania.

Gespeichert in:
Bibliographische Detailangaben
1. Verfasser: Kicová, Eva
Weitere Verfasser: Gorzelanczyk, Piotr
Format: Buchkapitel
Sprache:Englisch
Schlagworte:
Tags: Tag hinzufügen
Keine Tags, Fügen Sie das erste Tag hinzu!

MARC

LEADER 00000naa a2200000 4500
001 0287165
005 20220808130603.8
041 0 |a eng 
044 |a SK 
245 1 0 |a Financial Literacy and Shopping Behaviour  |c Eva Kicová, Piotr Gorzelanczyk 
520 |a Poukázanie na súčasný stav finančnej gramotnosti slovenskej populácie v súvislosti s nákupným správaním. Opis prieskumu, výsledky a odporúčania. 
610 2 0 |a gramotnosť finančná 
610 2 0 |a správanie spotrebiteľa 
610 2 0 |a nákup 
610 2 0 |a rozpočet rodinný 
610 2 0 |a prieskum 
610 2 0 |a domácnosti 
100 1 |a Kicová, Eva 
700 1 |a Gorzelanczyk, Piotr